[Event "Magdeburg op-A"]
[Site "Magdeburg"]
[Date "2014.06.14"]
[Round "9"]
[White "Stein, Daniel"]
[Black "Rietze, Clemens"]
[Result "1/2-1/2"]
[WhiteElo "1992"]
[BlackElo "2220"]
[PlyCount "90"]
[EventDate "2014.06.08"]
[EventType "swiss"]
[EventRounds "9"]
[EventCountry "GER"]
[SourceTitle "CBM 160 Extra"]
[Source "ChessBase"]
[SourceDate "2014.07.01"]
[SourceVersion "1"]
[SourceVersionDate "2014.07.01"]
[SourceQuality "1"]

1. d4 Nf6 2. c4 g6 3. Nc3 d5 4. cxd5 Nxd5 5. e4 Nxc3 6. bxc3 Bg7 7. Bg5 b6 8. Rc1 Bb7 9. Bd3 Qd6 10. Nf3 Nd7 11. 0-0 e5 12. Qe2 Qa3 13. Rb1 0-0 14. Rb3 Qd6 15. Rd1 exd4 16. cxd4 Rfe8 17. Qc2 c5 18. d5 Ne5 19. Nxe5 Bxe5 20. Bb5 Rec8 21. Rh3 a6 22. Be2 b5 23. Bg4 Re8 24. Kh1 Bc8 25. f3 Bxg4 26. fxg4 f6 27. Be3 c4 28. Qf2 Rac8 29. Qh4 Rc7 30. Rf1 c3 31. Rhf3 Rf7 32. Qf2 Qb4 33. Bg5 Ref8 34. Bh6 Rd8 35. Qb6 Qd6 36. Qf2 Qb4 37. Qb6 Qd6 38. Qf2 Rb8 39. g5 Qb4 40. gxf6 Qxe4 41. d6 Qd5 42. Bg7 Qxd6 43. Qh4 Rxg7 44. fxg7 Bxg7 45. Qe4 Qc5 1/2-1/2

[Event "Magdeburg op-A"]
[Site "Magdeburg"]
[Date "2014.06.12"]
[Round "7"]
[White "Stein, Daniel"]
[Black "Van Klev, Fabian"]
[Result "1-0"]
[WhiteElo "1992"]
[BlackElo "1821"]
[PlyCount "116"]
[EventDate "2014.06.08"]
[EventType "swiss"]
[EventRounds "9"]
[EventCountry "GER"]
[SourceTitle "CBM 160 Extra"]
[Source "ChessBase"]
[SourceDate "2014.07.01"]
[SourceVersion "1"]
[SourceVersionDate "2014.07.01"]
[SourceQuality "1"]

1. d4 Nf6 2. c4 e6 3. Nf3 b6 4. g3 Bb7 5. Bg2 Be7 6. Nc3 0-0 7. 0-0 d6 8. Re1 Nbd7 9. e4 e5 10. Qc2 c6 11. b3 Qc7 12. Bb2 Rfe8 13. Rad1 Rad8 14. Rd2 Bf8 15. d5 c5 16. Rdd1 g6 17. a3 a6 18. Bc1 Bg7 19. Rf1 b5 20. cxb5 axb5 21. Nxb5 Qb6 22. Nc3 Ba6 23. Rfe1 Rb8 24. Nd2 Bh6 25. Ncb1 Rec8 26. Bf1 c4 27. Nxc4 Bxc4 28. Bxc4 Bxc1 29. Rxc1 Nc5 30. b4 Ncxe4 31. Rxe4 Nxe4 32. Qxe4 Qa7 33. Rc3 f5 34. Qc2 Rb7 35. Qb3 Rbc7 36. Bb5 Rxc3 37. Nxc3 e4 38. Bc6 e3 39. Nb5 exf2+ 40. Kf1 Qa6 41. a4 Kf8 42. Kxf2 Qb6+ 43. Qe3 Rxc6 44. dxc6 Qxc6 45. Nd4 Qxa4 46. Ne6+ Kg8 47. Ng5 Qa2+ 48. Qe2 Qa7+ 49. Kf1 h6 50. Qc4+ Kg7 51. Qc3+ Kg8 52. Ne6 Qa6+ 53. Ke1 Qb7 54. Qg7+ Qxg7 55. Nxg7 Kf7 56. b5 Ke7 57. Kd2 d5 58. Kc3 Kd6 1-0

[Event "Rheinland Pfalz op 5th"]
[Site "Worms"]
[Date "2013.05.31"]
[Round "3"]
[White "Stein, Daniel"]
[Black "Baumann, Bettina"]
[Result "1-0"]
[WhiteElo "1823"]
[BlackElo "1506"]
[PlyCount "95"]
[EventDate "2013.05.30"]
[EventType "swiss"]
[EventRounds "7"]
[EventCountry "GER"]
[SourceTitle "EXT 2014"]
[Source "ChessBase"]
[SourceDate "2013.11.20"]
[SourceVersion "1"]
[SourceVersionDate "2013.11.20"]
[SourceQuality "1"]

1. e4 c5 2. Nf3 Nc6 3. Bb5 d6 4. Bxc6+ bxc6 5. 0-0 Nf6 6. Re1 e5 7. d3 Be7 8. h3 0-0 9. Nc3 Be6 10. Ng5 Bd7 11. f4 exf4 12. Bxf4 h6 13. Nf3 Nh7 14. e5 d5 15. Na4 Be6 16. b3 Rb8 17. c4 Qc8 18. Be3 d4 19. Bf4 Rb7 20. Qe2 f6 21. Bc1 fxe5 22. Nxe5 Rf6 23. Ba3 Bd6 24. Bxc5 Bxe5 25. Qxe5 Ng5 26. Bxd4 Rg6 27. Kh2 Bxh3 28. Qe8+ Qxe8 29. Rxe8+ Kf7 30. Re5 Bxg2 31. Kxg2 Ne6+ 32. Kh2 Nxd4 33. Rf1+ Kg8 34. Re8+ Kh7 35. Nc5 Rc7 36. Rff8 Rf6 37. Rxf6 gxf6 38. Rd8 Nf3+ 39. Kg3 Ne5 40. d4 Rg7+ 41. Kf4 Nf7 42. Rc8 Rg2 43. Rc7 Kg6 44. Rxc6 h5 45. Ne4 Rg4+ 46. Ke3 h4 47. Nxf6 Rg3+ 48. Kf4 1-0

[Event "GER-ch U25 op-A"]
[Site "Oberhof"]
[Date "2013.05.22"]
[Round "6"]
[White "Stein, Daniel"]
[Black "Usczeck, Lukas"]
[Result "1-0"]
[WhiteElo "1823"]
[BlackElo "1794"]
[PlyCount "53"]
[EventDate "2013.05.19"]
[EventType "swiss"]
[EventRounds "9"]
[EventCountry "GER"]
[SourceTitle "CBM 154 Extra"]
[Source "ChessBase"]
[SourceDate "2013.06.25"]
[SourceVersion "2"]
[SourceVersionDate "2013.06.25"]
[SourceQuality "1"]

1. d4 Nf6 2. Nf3 e6 3. e3 b6 4. Bd3 Bb7 5. 0-0 Be7 6. Nbd2 d5 7. b3 Nbd7 8. Bb2 0-0 9. Ne5 Ne4 10. f3 Nxd2 11. Qxd2 Nxe5 12. dxe5 f6 13. Qe2 fxe5 14. Bxe5 Bf6 15. Bxf6 Qxf6 16. e4 Qd4+ 17. Kh1 Qe5 18. Rae1 Rae8 19. f4 Rxf4 20. Rxf4 Qxf4 21. exd5 Bxd5 22. Bxh7+ Kxh7 23. Qh5+ Qh6 24. Qxe8 Qh3 25. Re2 Bxg2+ 26. Rxg2 Qf5 27. Qc6 1-0

[Event "GER-ch U14"]
[Site "Oberhof"]
[Date "2012.06.01"]
[Round "8"]
[White "Stein, Daniel"]
[Black "Hirschmann, Jakob"]
[Result "1/2-1/2"]
[WhiteElo "1809"]
[BlackElo "1889"]
[PlyCount "75"]
[EventDate "2012.05.27"]
[EventType "swiss"]
[EventRounds "9"]
[EventCountry "GER"]
[SourceTitle "CBM 148 Extra"]
[Source "ChessBase"]
[SourceDate "2012.06.22"]
[SourceVersion "1"]
[SourceVersionDate "2012.06.22"]
[SourceQuality "1"]

1. a3 e5 2. c4 Ne7 3. e3 g6 4. b4 Bg7 5. d4 exd4 6. exd4 d5 7. Bb2 0-0 8. c5 Re8 9. Be2 Nf5 10. Nf3 b6 11. 0-0 bxc5 12. bxc5 Nd7 13. Qc2 c6 14. Re1 Rb8 15. Bc3 Nf8 16. Nbd2 Ne6 17. Nb3 Nf4 18. Bf1 Ne7 19. Na5 Qc7 20. Ne5 Bxe5 21. Rxe5 Bf5 22. Qd2 Nh5 23. Rae1 Be6 24. Bd3 Nf6 25. Qg5 Kg7 26. R5e2 Nf5 27. Bxf5 Bxf5 28. Rxe8 Rxe8 29. Rxe8 Nxe8 30. Qg3 Qxg3 31. hxg3 Bd7 32. Bd2 Nc7 33. a4 Kf6 34. f3 Ne6 35. Be3 h5 36. Nb7 Bc8 37. Na5 Bd7 38. Nb7 1/2-1/2

[Event "GER-ch U14"]
[Site "Oberhof"]
[Date "2012.05.29"]
[Round "4"]
[White "Stein, Daniel"]
[Black "Janke, Hendrik"]
[Result "1-0"]
[WhiteElo "1809"]
[BlackElo "1663"]
[PlyCount "89"]
[EventDate "2012.05.27"]
[EventType "swiss"]
[EventRounds "9"]
[EventCountry "GER"]
[SourceTitle "CBM 148 Extra"]
[Source "ChessBase"]
[SourceDate "2012.06.22"]
[SourceVersion "1"]
[SourceVersionDate "2012.06.22"]
[SourceQuality "1"]

1. e4 Nf6 2. e5 Nd5 3. d4 d6 4. c4 Nb6 5. exd6 cxd6 6. Nc3 g6 7. Be3 Bg7 8. Rc1 0-0 9. b3 Nc6 10. Nf3 e5 11. dxe5 dxe5 12. c5 Nd7 13. Bc4 h6 14. 0-0 Kh7 15. Qd6 f5 16. Bb5 f4 17. Bxc6 Rf6 18. Qd3 Rxc6 19. Bd2 Rxc5 20. Ne4 Rxc1 21. Rxc1 Qf8 22. Bc3 Nc5 23. Nxc5 Qxc5 24. Bb2 Qe7 25. Re1 Bf5 26. Qe2 e4 27. Bxg7 Qxg7 28. Nd2 Re8 29. Qc4 Qd7 30. h3 Rc8 31. Nxe4 Bxe4 32. Qxe4 Rf8 33. Qf3 Rf7 34. Rd1 Qc7 35. Rd4 Qc5 36. Rc4 Qa3 37. Ra4 Qc5 38. g3 g5 39. Kg2 Rg7 40. Qe4+ Kh8 41. Rc4 Qf8 42. Qe6 Rg8 43. Rc7 g4 44. Rf7 gxh3+ 45. Kxh3 1-0

[Event "Goch op 22nd"]
[Site "Goch"]
[Date "2011.10.01"]
[Round "5"]
[White "Stein, Daniel"]
[Black "Beckmann, Arne"]
[Result "0-1"]
[WhiteElo "1568"]
[BlackElo "1963"]
[PlyCount "112"]
[EventDate "2011.09.29"]
[EventType "swiss"]
[EventRounds "7"]
[EventCountry "GER"]
[SourceTitle "EXT 2014"]
[Source "ChessBase"]
[SourceDate "2013.11.20"]
[SourceVersion "1"]
[SourceVersionDate "2013.11.20"]
[SourceQuality "1"]

1. d4 f5 2. c4 e6 3. g3 Nf6 4. Bg2 c6 5. Nf3 d5 6. 0-0 dxc4 7. Ne5 Bd6 8. Nxc4 Bc7 9. b3 0-0 10. Bb2 Ng4 11. e3 h5 12. h3 Nf6 13. Ne5 Nbd7 14. Nd2 Nxe5 15. dxe5 Nh7 16. Nc4 Qg5 17. Nd6 Rd8 18. Qd4 Bxd6 19. exd6 Nf6 20. Ba3 Nd7 21. Qf4 Qf6 22. Rfd1 Nb6 23. Qd4 e5 24. Qc3 Kf7 25. Bb2 Nd7 26. Bf1 Re8 27. Bc4+ Kg6 28. Qc2 b5 29. Bd3 Bb7 30. Kh2 Qe6 31. Rg1 e4 32. Qc3 Nf6 33. Be2 Qxd6 34. Rad1 Qe7 35. g4 hxg4 36. hxg4 Rh8+ 37. Kg2 Nd5 38. Qe5 Qxe5 39. Bxe5 Rhe8 40. gxf5+ Kxf5 41. Bxg7 Rad8 42. Bd4 Rg8+ 43. Kh3 Nf6 44. Bxf6 Kxf6 45. Bg4 Rde8 46. Rd6+ Ke5 47. Rd7 Bc8 48. Rh7 Rxg4 49. Rxg4 Rg8 50. Rh5+ Kd6 51. Rhh4 Rxg4 52. Rxg4 c5 53. Kg3 Bxg4 54. Kxg4 c4 55. bxc4 bxc4 56. Kf4 Kd5 0-1

[Event "Karl Mala Memorial op 14th"]
[Site "Frankfurt"]
[Date "2011.07.07"]
[Round "1"]
[White "Stein, Daniel"]
[Black "Koestler, Peter"]
[Result "0-1"]
[WhiteElo "1189"]
[BlackElo "1937"]
[PlyCount "128"]
[EventDate "2011.07.07"]
[EventType "swiss"]
[EventRounds "7"]
[EventCountry "GER"]
[SourceTitle "EXT 2012"]
[Source "ChessBase"]
[SourceDate "2011.11.24"]
[SourceVersion "1"]
[SourceVersionDate "2011.11.24"]
[SourceQuality "1"]

1. e4 c6 2. d4 d5 3. e5 g6 4. c4 Bg7 5. cxd5 cxd5 6. Nc3 a6 7. f4 Nc6 8. Nf3 Bg4 9. Be2 e6 10. Be3 Nh6 11. Qd2 Nf5 12. Bf2 Rc8 13. h3 Bxf3 14. Bxf3 h5 15. 0-0 b5 16. Rac1 Qb6 17. Rfd1 0-0 18. Ne2 Na5 19. b3 Rfd8 20. Be1 Nc6 21. a3 a5 22. Bf2 Bf8 23. Qb2 Rc7 24. Rc2 Rdc8 25. Rdc1 Be7 26. g3 Na7 27. Rxc7 Rxc7 28. Rxc7 Qxc7 29. Nc1 Nc8 30. Be2 b4 31. a4 Qc3 32. Nd3 Nb6 33. g4 hxg4 34. hxg4 Ng7 35. Qxc3 bxc3 36. Nc5 c2 37. Be3 Bxc5 38. dxc5 d4 39. Bd2 Nd5 40. Bd3 Nb4 41. Bxc2 Nxc2 42. c6 Ne8 43. Bxa5 d3 44. Kf2 Nd4 45. c7 Nxc7 46. Ke3 d2 47. Bxd2 Nxb3 48. a5 Nxd2 49. Kxd2 Kf8 50. Kd3 Ke8 51. Kc4 Kd7 52. Kc5 Na8 53. a6 Kc7 54. a7 Nb6 55. g5 Na8 56. Kb5 Kb7 57. Kc5 Nc7 58. Kd6 Nd5 59. Kd7 Kxa7 60. Ke8 Nxf4 61. Kxf7 Kb6 62. Ke7 Kc6 63. Kf7 Kd5 64. Kf6 Ke4 0-1

[Event "Rhein Main op-B 14th"]
[Site "Bad Homburg"]
[Date "2011.06.25"]
[Round "6"]
[White "Stein, Daniel"]
[Black "Leopold, Dieter"]
[Result "0-1"]
[WhiteElo "1252"]
[BlackElo "1755"]
[PlyCount "56"]
[EventDate "2011.06.22"]
[EventType "swiss"]
[EventRounds "7"]
[EventCountry "GER"]
[SourceTitle "EXT 2012"]
[Source "ChessBase"]
[SourceDate "2011.11.24"]
[SourceVersion "1"]
[SourceVersionDate "2011.11.24"]
[SourceQuality "1"]

1. e4 c5 2. Nf3 d6 3. d4 cxd4 4. Nxd4 Nf6 5. Nc3 a6 6. Be2 e6 7. 0-0 Be7 8. f4 Qc7 9. Be3 0-0 10. Qe1 Nc6 11. a4 Bd7 12. Qg3 Nxd4 13. Bxd4 Bc6 14. Bd3 Rfe8 15. a5 Nh5 16. Qh3 g6 17. g4 Nf6 18. e5 dxe5 19. Bxe5 Bc5+ 20. Rf2 Qe7 21. Qh6 Bxf2+ 22. Kf1 Red8 23. g5 Nh5 24. Kxf2 Qc5+ 25. Kf1 Rxd3 26. cxd3 Qe3 27. d4 Qf3+ 28. Ke1 Qh1+ 0-1

[Event "Rhein Main op-B 14th"]
[Site "Bad Homburg"]
[Date "2011.06.24"]
[Round "4"]
[White "Stein, Daniel"]
[Black "Keuneke, Hanno"]
[Result "0-1"]
[WhiteElo "1252"]
[BlackElo "1771"]
[PlyCount "34"]
[EventDate "2011.06.22"]
[EventType "swiss"]
[EventRounds "7"]
[EventCountry "GER"]
[SourceTitle "EXT 2012"]
[Source "ChessBase"]
[SourceDate "2011.11.24"]
[SourceVersion "1"]
[SourceVersionDate "2011.11.24"]
[SourceQuality "1"]

1. e4 e5 2. Nf3 Nc6 3. Bb5 a6 4. Ba4 Nf6 5. 0-0 Be7 6. Re1 b5 7. Bb3 d6 8. c3 0-0 9. h3 Na5 10. Bc2 c5 11. d4 Qc7 12. Nbd2 Nc6 13. Nf1 cxd4 14. cxd4 exd4 15. Nxd4 Nxd4 16. Qxd4 Qxc2 17. Ne3 Qc5 0-1

[Event "Rhein Main op-B 14th"]
[Site "Bad Homburg"]
[Date "2011.06.23"]
[Round "2"]
[White "Stein, Daniel"]
[Black "Riha, Peter"]
[Result "1/2-1/2"]
[WhiteElo "1252"]
[BlackElo "1806"]
[PlyCount "47"]
[EventDate "2011.06.22"]
[EventType "swiss"]
[EventRounds "7"]
[EventCountry "GER"]
[SourceTitle "EXT 2012"]
[Source "ChessBase"]
[SourceDate "2011.11.24"]
[SourceVersion "1"]
[SourceVersionDate "2011.11.24"]
[SourceQuality "1"]

1. e4 e5 2. Nf3 Nc6 3. Bb5 a6 4. Ba4 d6 5. 0-0 Bd7 6. c3 Nge7 7. d4 Ng6 8. Re1 Be7 9. Nbd2 h6 10. Nf1 Bg5 11. Ng3 Bxc1 12. Rxc1 Nh4 13. Nxh4 Qxh4 14. Nf5 Qg5 15. Ng3 b5 16. Bb3 0-0 17. a4 Ne7 18. axb5 axb5 19. Qh5 Qxh5 20. Nxh5 Ra7 21. h3 Nc6 22. Rcd1 Na5 23. Bc2 exd4 24. cxd4 1/2-1/2

[Event "GER-chB U25"]
[Site "Oberhof"]
[Date "2011.06.13"]
[Round "3"]
[White "Stein, Daniel"]
[Black "Rose, Luis Stratos"]
[Result "1-0"]
[WhiteElo "1252"]
[BlackElo "1024"]
[PlyCount "53"]
[EventDate "2011.06.11"]
[EventType "swiss"]
[EventRounds "9"]
[EventCountry "GER"]
[SourceTitle "CBM 142 Extra"]
[Source "ChessBase"]
[SourceDate "2011.06.27"]
[SourceVersion "1"]
[SourceVersionDate "2011.06.27"]
[SourceQuality "1"]

1. e4 d5 2. exd5 Nf6 3. d4 Nxd5 4. Nf3 g6 5. c4 Nb6 6. h3 Bg7 7. Nc3 0-0 8. Be3 Nc6 9. Be2 e5 10. d5 Ne7 11. g4 f5 12. Qd2 f4 13. Bc5 Nd7 14. Ba3 b6 15. 0-0-0 Bb7 16. Ng5 Rf6 17. f3 Nf8 18. Nce4 Nd7 19. Nxf6+ Nxf6 20. Ne6 Qd7 21. Nxg7 Kxg7 22. Bd3 Nfg8 23. Rde1 g5 24. Rxe5 h6 25. h4 gxh4 26. Rxh4 Rf8 27. g5 1-0

[Event "Sao Paulo Hebraica 5th"]
[Site "Sao Paulo"]
[Date "2008.04.14"]
[Round "9"]
[White "Stein, Daniel"]
[Black "Salama, Andre Sasson"]
[Result "0-1"]
[WhiteElo "1838"]
[BlackElo "1927"]
[PlyCount "100"]
[EventDate "2008.04.06"]
[EventType "tourn"]
[EventRounds "9"]
[EventCountry "BRA"]
[SourceTitle "EXT 2022"]
[Source "ChessBase"]
[SourceDate "2021.10.06"]
[SourceVersion "1"]
[SourceVersionDate "2021.10.06"]
[SourceQuality "1"]

1. d4 Nf6 2. c4 e6 3. Nc3 Bb4 4. e3 b6 5. Bd3 Bb7 6. Nf3 c5 7. 0-0 0-0 8. Bd2 cxd4 9. Nxd4 d5 10. cxd5 Nxd5 11. Nxd5 Qxd5 12. f3 Bc5 13. Be4 Qd7 14. Bxb7 Qxb7 15. Nb3 Be7 16. Bc3 Nc6 17. Qc2 Rac8 18. a3 Rfd8 19. Qf2 Bf8 20. Rad1 Ne7 21. e4 Ng6 22. Rxd8 Rxd8 23. g3 Qc6 24. Kg2 Bxa3 25. Ra1 Bf8 26. Rxa7 b5 27. Qe1 b4 28. Bxb4 Qc2+ 29. Kh3 Qxb3 30. Bc3 Qd1 31. Qxd1 Rxd1 32. b4 Rd3 33. Be1 Rb3 34. Rb7 Ne5 35. f4 Nd3 36. Bd2 Nf2+ 37. Kh4 Nxe4 38. Rd7 Nxd2 39. Rxd2 Rxb4 40. Rd8 g6 41. Kg4 Rb3 42. h4 h5+ 43. Kh3 Kg7 44. Rc8 Bd6 45. Kg2 Kf6 46. Rc6 Bb8 47. Ra6 Kf5 48. Ra4 Kg4 49. f5+ Kxf5 50. Rf4+ Bxf4 0-1

[Event "Sao Paulo Hebraica 5th"]
[Site "Sao Paulo"]
[Date "2008.04.10"]
[Round "5"]
[White "Cirilo, Guilherme de Araujo"]
[Black "Stein, Daniel"]
[Result "1-0"]
[WhiteElo "1799"]
[BlackElo "1838"]
[PlyCount "47"]
[EventDate "2008.04.06"]
[EventType "tourn"]
[EventRounds "9"]
[EventCountry "BRA"]
[SourceTitle "EXT 2022"]
[Source "ChessBase"]
[SourceDate "2021.10.06"]
[SourceVersion "1"]
[SourceVersionDate "2021.10.06"]
[SourceQuality "1"]

1. e4 c5 2. Nf3 Nc6 3. d4 cxd4 4. Nxd4 g6 5. Be3 Bg7 6. Nc3 d6 7. Qd2 Nf6 8. f3 0-0 9. 0-0-0 a6 10. g4 Bd7 11. h4 Rc8 12. Nxc6 Bxc6 13. Bh6 Nd7 14. Bxg7 Kxg7 15. h5 Rh8 16. hxg6 hxg6 17. Bg2 Qa5 18. f4 f6 19. g5 f5 20. Qd4+ e5 21. Qxd6 Rhe8 22. exf5 gxf5 23. Qh6+ Kf7 24. Rxd7+ 1-0

[Event "Sao Paulo Hebraica 5th"]
[Site "Sao Paulo"]
[Date "2008.04.06"]
[Round "1"]
[White "Salama, Henrique Eric"]
[Black "Stein, Daniel"]
[Result "1-0"]
[WhiteElo "1937"]
[BlackElo "1838"]
[PlyCount "34"]
[EventDate "2008.04.06"]
[EventType "tourn"]
[EventRounds "9"]
[EventCountry "BRA"]
[SourceTitle "EXT 2022"]
[Source "ChessBase"]
[SourceDate "2021.10.06"]
[SourceVersion "1"]
[SourceVersionDate "2021.10.06"]
[SourceQuality "1"]

1. d4 Nf6 2. c4 g6 3. Nf3 Bg7 4. Nc3 d6 5. e3 0-0 6. Bd3 c5 7. 0-0 Nc6 8. d5 Nb4 9. Be2 b6 10. a3 Na6 11. Bd3 Bb7 12. e4 Nd7 13. Qc2 Ne5 14. Nxe5 Bxe5 15. f4 Bd4+ 16. Kh1 Nc7 17. e5 e6 1-0

[Event "Sao Paulo Hebraica 4th"]
[Site "Sao Paulo"]
[Date "2007.05.08"]
[Round "7"]
[White "Cohn, Max Eduardo"]
[Black "Stein, Daniel"]
[Result "1/2-1/2"]
[WhiteElo "2122"]
[BlackElo "1838"]
[PlyCount "23"]
[EventDate "2007.05.02"]
[EventType "tourn"]
[EventRounds "9"]
[EventCountry "BRA"]
[SourceTitle "EXT 2022"]
[Source "ChessBase"]
[SourceDate "2021.10.06"]
[SourceVersion "1"]
[SourceVersionDate "2021.10.06"]
[SourceQuality "1"]

1. e4 e5 2. Nf3 Nc6 3. Bb5 Nf6 4. d3 Bc5 5. Bxc6 dxc6 6. 0-0 Qd6 7. Nbd2 Be6 8. b3 0-0-0 9. Bb2 Nd7 10. Nc4 Bxc4 11. bxc4 g6 12. Qe2 1/2-1/2